| 000 | 00845nam a22002297a 4500 | ||
|---|---|---|---|
| 999 |
_c6275 _d6275 |
||
| 003 | AR-CdUCM | ||
| 008 | 190314b ||||| |||| 00| 0 spa d | ||
| 040 |
_aMUNICIPALIDAD PROVINCIAL DEL CUSCO _cBIBLIOTECA MUNICIPAL DEL CUSCO |
||
| 082 |
_a869.26 / _bM95 |
||
| 100 |
_aMurillo, José _918024 |
||
| 245 | _aRenanco y los últimos huemules / | ||
| 260 |
_aRepública de Cuba : _bEdiciones casa de las américas, _c1976. |
||
| 300 |
_a260 paginas ; _c22 cm. |
||
| 500 | _aDonación familia Nieto. | ||
| 505 | _aContenido :El hato de Pehuen -- Los ciervos colorados -- Los últimos huemules -- La venganza de Ñancul -- Los misterios del lago ... | ||
| 650 |
_aLiteratura cubana _9668 |
||
| 650 |
_aPoesía cubana _9669 |
||
| 650 |
_aLiteratura del siglo xx _97647 |
||
| 700 |
_aRamb, Ana María _918025 |
||
| 942 |
_2ddc _cLIBROS |
||
| 945 | _arum | ||